Qui est le plus fort ? ( édition One Piece ) - Statistiques

Statistiques générales
  • Ce quiz a été pris 174 fois
  • Le résultat moyen est 19 sur 30
Statistiques - réponses
Question Réponse % Correct
Mihawk ou Doflamingo ?
90%
Zoro ou kuma ?
88%
Usopp ou Joy Boy ?
87%
Joy Boy ou Barbe Noire ?
85%
Xebec ou barbe blanche ?
82%
Xebec ou Joy Boy ?
82%
Garp ou Big Mom ?
81%
Luffy ou Kaido ?
79%
Usopp ou Vergo ?
78%
Barbe Blanche ou Roger ?
78%
Katakuri ou Doflamingo ?
77%
Koby ou Ryokugyu ?
74%
Luffy ou Akainu ?
74%
Sanji ou Lucci ?
73%
Aokiji ou Kizaru ?
71%
Marco ou Zoro ?
69%
Ben Beckman ou Sabo ?
69%
Rayleigh ou Barbe Noire ?
65%
Barbe Blanche ou Shanks ?
65%
Ben Beckman ou Kizaru ?
63%
Sabo ou Fujitora ?
60%
Kaido ou Garp ?
59%
Akainu ou Oden ?
55%
Sengoku ou Akainu ?
52%
Akainu ou Gaban ?
43%
Hache d'argent ou King ?
33%
Garp ou Barbe Blanche ?
33%
Harald ou Shanks ?
27%
Luffy ou Rayleigh ?
25%
Oden ou Kaido ?
19%
Aucun quiz correspondant
Distribution des résultats
% des personnes avec chaque résultat
Percentile par nombre de réponses
Votre historique - résultats
Vous n’avez pas pris ce quiz